000 00420nmm a2200145Ia 4500
008 251105s9999||||xx |||||||||||||||||und||
041 _aspa
100 _aVásquez Villavicencio, Daniela
245 0 _aHacia el Abismo de la Locura...
264 _a[Madrid, España] :
_bLantia,
_c2016
300 _a0 páginas
650 _aOther narratives
856 _uhttps://public.digitaliapublishing.com/a/87494
942 _cCF
999 _c105954
_d105954